| 000 | 00781nas a2200265 4500 | ||
|---|---|---|---|
| 001 | BR0604130 | ||
| 003 | BR-BrBNA | ||
| 005 | 20231205110417.0 | ||
| 007 | ta | ||
| 008 | 230509b bl.|||p| |||| 00| 00por d | ||
| 040 |
_aBR-BrBNA _bpor _cBiblioteca Nacional de Agricultura |
||
| 041 | _a(Pt) | ||
| 072 | _aP34 | ||
| 100 | 1 | _aSantos, C.C.R. dos | |
| 100 | 1 | _aPerin, L. | |
| 100 | 1 | _aBaldani, J.I. | |
| 100 | 1 | _aReis, V.M. | |
| 245 | 1 | _aIsolamento de Gluconacetobacter spp. em diferentes tipos de solos | |
| 650 | _aBIOLOGIA DO SOLO | ||
| 650 | _aBACTERIA | ||
| 650 | _aINOCULAÇÃO | ||
| 773 | 0 |
_tPesquisa Agropecuária Brasileira (Brazil) _xISSN 0100-204X _g(Jan 2006), v. 41(1) p. 85-92 _wBR0604130 |
|
| 909 |
_a202311 _bLúcia _c55 _dLúcia Elande |
||
| 942 |
_2AGRIS _n0 _cANA |
||
| 999 |
_c187281 _d187281 |
||